| 000 | 01114nam a2200313 c 4500 | ||
|---|---|---|---|
| 999 |
_c367106 _d367106 |
||
| 003 | BLK | ||
| 005 | 20200609150930.0 | ||
| 008 | 200315b bul|||||r ||||||| ||bul|| | ||
| 010 | _aKNG00116119RET | ||
| 040 | _aBLK | ||
| 041 |
_aBUL _cBUL |
||
| 080 |
_aАмериканска литература (на САЩ) _b821.111(73) _x-31 _z821.111(73)-31 |
||
| 100 |
_aСмит, Патрик Д. _eпърви автор _9413844 |
||
| 139 | _aСмит, Патрик Д. | ||
| 245 | 1 | 0 |
_aЕйнджъл Сити _bРоман _cПатрик Д. Смит; прев. от англ. Христо Кънев. |
| 257 | _aBGR | ||
| 260 |
_aСофия _bБЗНС _c1983 |
||
| 300 |
_a184 с. _c20 см |
||
| 380 | _aX | ||
| 500 | _aОриг. загл. Angel City / Patrick D. Smith. - 80 000 тир. | ||
| 700 | 1 |
_aКънев, Христо _eпрев. от англ. _9413845 |
|
| 852 |
_aЦб 122457 _bЦб |
||
| 856 | 4 |
_qpdf _u |
|
| 856 | 4 |
_qpdf _u |
|
| 942 |
_cKNG _n0 _s1 |
||
| 944 | _c2020-06-09 | ||
| 999 | _d456298 | ||